| 000 | 01078cam a22002771 4500 | ||
|---|---|---|---|
| 001 | l 45000038 | ||
| 003 | DLC | ||
| 005 | 20260227111539.0 | ||
| 008 | 810807s1945 dcuf f000 0 eng c | ||
| 010 | _al 45000038 | ||
| 035 | _a(OCoLC)7648688 | ||
| 040 |
_aU.S. Dept. of Labor. Libr. _cViBlbV _dViBlbV _dDLC |
||
| 042 | _apremarc | ||
| 050 | 0 | 0 |
_aHD8051 _b.A62 no. 831 |
| 082 | _a331.06173 | ||
| 100 | 1 | _aHosea, Harold Richardson. | |
| 245 | 1 | 0 | _aFact-finding activities of the Bureau of Labor Statistics ... |
| 260 |
_aWashington, D.C., _bU.S. Govt. Print. Off. _c[1945] |
||
| 300 |
_a1 p. l., iii, 27 p., 1 l. _c23 cm. |
||
| 410 | 1 | 0 |
_aUnited States. _bBureau of Labor Statistics. _tBulletin _vno. 831 |
| 500 | _aAt head of title: United States Dept. of Labor ... Bureau of Labor Statistics. | ||
| 500 | _a"Prepared by Harold R. Hosea."--Letter of transmittal. | ||
| 500 | _a"Reprinted from the Monthly Labor Review, May 1945."--p. 1. | ||
| 610 | 1 | 0 |
_aUnited States. _bBureau of Labor Statistics. |
| 650 | 0 |
_aLabor and laboring classes _zUnited States _vStatistics. |
|
| 999 |
_c36498 _d36498 |
||